000 00755cab a2200241 4500
001 WB3144-22
008 090401t1995 xxu||||| |||| 00| 0 eng d
035 _a(Sirsi) u35213
041 _aeng
245 _aLudlow superstore plan blocked
260 _c1995
350 _a0
490 _aDaily Telegraph
_v21 November 1995, 6(1)
520 _aA controversial Tesco superstore design for Ludlow has been blocked on grounds of unsuitability for an historic town. The scheme will now be considered at public inquiry in January 1996.
650 _aARCHITECTURE
650 _aHISTORIC TOWNS
650 _aLUDLOW
650 _aSUPERSTORES
650 _aTESCO
690 _aENVIRONMENTAL AND LAND CONSULTANCY
942 _n0
948 _c04/03/1997
999 _c23088
_d23088